LIBRARY ONLINE CATALOGUE

Industrial designs : (Record no. 12956)

MARC details
000 -LEADER
fixed length control field 00682nam a22002052 4500
001 - CONTROL NUMBER
control field 0000005279
005 - DATE AND TIME OF LATEST TRANSACTION
control field 20151217155827.0
008 - FIXED-LENGTH DATA ELEMENTS--GENERAL INFORMATION
fixed length control field 070611s xx 000 0 eng d
040 ## - CATALOGING SOURCE
Original cataloging agency KABU
Transcribing agency KABU
050 #0 - LIBRARY OF CONGRESS CALL NUMBER
Classification number TS119
Item number .K4K46
110 2# - MAIN ENTRY--CORPORATE NAME
Corporate name or jurisdiction name as entry element Kenya Industrial Property Institute.
-- 0000156482
245 10 - TITLE STATEMENT
Title Industrial designs :
Remainder of title an introduction to industrial designs for small and medium-sized enterprises.
260 ## - PUBLICATION, DISTRIBUTION, ETC. (IMPRINT)
Place of publication, distribution, etc. Nairobi :
Name of publisher, distributor, etc. KIPI,
Date of publication, distribution, etc. 2005.
300 ## - PHYSICAL DESCRIPTION
Extent 24 p.
650 #0 - SUBJECT ADDED ENTRY--TOPICAL TERM
Topical term or geographic name as entry element Design, Industrial
Geographic subdivision Kenya.
-- 0000156483
908 ## - PUT COMMAND PARAMETER (RLIN)
Put command parameter 070611
950 ## - LOCAL HOLDINGS (RLIN)
-- 1
Holdings
Withdrawn status Lost status Source of classification or shelving scheme Not for loan Home library Current library Date acquired Total Checkouts Full call number Barcode Date last seen Price effective from Koha item type
    Library of Congress Classification   Kabarak, Main Campus Kabarak, Main Campus 17/12/2015   TS119 .K4K46 003998 17/12/2015 17/12/2015 Africana Collection
    Library of Congress Classification   Kabarak, Main Campus Kabarak, Main Campus 17/12/2015   TS119 .K4K46 003999 17/12/2015 17/12/2015 Africana Collection